|
|
|
|
| LEADER |
00000nam a22000007a 4500 |
| 005 |
20180330173918.0 |
| 007 |
cr|||| |||| |
| 008 |
180330s2017 cu |||||s|||| 00||0 spa d |
| 020 |
|
|
|a 978-959-7219-47-7
|
| 035 |
|
|
|a 21249
|
| 040 |
|
|
|a vLex
|
| 090 |
|
|
|c 7580
|d 7580
|
| 100 |
1 |
|
|a Matilla Correa, Andry
|
| 245 |
1 |
0 |
|a Tendencias actuales del derecho administrativo
|h [Recurso electrn̤ico] /
|c Andry Matilla Correa
|
| 256 |
|
|
|a Servicio en ln̕ea
|
| 260 |
|
|
|a La Habana:
|b Unin̤ Nacional de Juristas de Cuba,
|c 2017
|
| 300 |
|
|
|a 1 recurso electrn̤ico
|
| 506 |
1 |
|
|a Disponible solo en los productos indicados
|d vLex Global
|d vLex Global (Academic Edition, excluding Law Schools)
|d vLex Global (U.S. Academic Edition, Law Schools)
|d vLex Global (U.S. Academic Edition, excluding Law Schools)
|d vLex Global (Academic Edition, Law Schools)
|
| 650 |
0 |
4 |
|a Derecho Pb︢lico y Administrativo
|z Cuba
|
| 740 |
0 |
|
|a vLex Libros (Servicio en ln̕ea)
|
| 856 |
4 |
0 |
|u http://vlex.com/source/tendencias-actuales-del-derecho-administrativo-21249
|z Acceso restringido
|
| 942 |
|
|
|c BOOK
|
| 999 |
0 |
|
|a Public and Administrative Law
|